[Event "Niort op-B"]
[Site "Niort"]
[Date "2002.09.29"]
[Round "5"]
[White "Chanoine, Arnaud"]
[Black "Clement, Bruno"]
[Result "0-1"]
[WhiteElo "1370"]
[BlackElo "1710"]
[PlyCount "110"]
[EventDate "2002.09.28"]
[EventType "swiss"]
[EventRounds "6"]
[EventCountry "FRA"]
[SourceTitle "EXT 2004"]
[Source "ChessBase"]
[SourceDate "2003.11.25"]
[SourceVersion "1"]
[SourceVersionDate "2003.11.25"]
[SourceQuality "1"]

1. e4 e6 2. d4 b6 3. Bd3 Bb7 4. Nc3 Bb4 5. Bd2 Bxc3 6. Bxc3 d5 7. exd5 Bxd5 8. Nf3 Qf6 9. Qe2 Bxf3 10. Qxf3 Qxf3 11. gxf3 Ne7 12. 0-0-0 Nd7 13. Rhg1 Ng6 14. Rde1 0-0-0 15. Ba6+ Kb8 16. d5 exd5 17. Bxg7 Rhg8 18. Bd4 c5 19. Be3 Nde5 20. Rg3 d4 21. Bf4 Nxf4 22. Rxg8 Rxg8 23. Rxe5 Ne6 24. Rf5 Rg7 25. Rd5 Kc7 26. Bb5 f6 27. Rf5 Rf7 28. Bc4 Ng7 29. Rxc5+ bxc5 30. Bxf7 Kd6 31. Bc4 Nh5 32. a3 a5 33. Bd3 h6 34. c4 Nf4 35. Bf1 Ke5 36. b4 cxb4 37. axb4 axb4 38. Kc2 Kd6 39. Kb3 Kc5 40. h3 d3 41. h4 h5 42. Kb2 Kxc4 43. Kb1 Kc3 44. Kc1 b3 45. Bxd3 Kxd3 46. Kb1 Kc3 47. Kc1 Ng2 48. f4 Nxh4 49. f3 Nf5 50. Kb1 h4 51. Kc1 h3 52. Kd1 b2 53. Ke2 b1Q 54. Kf2 Qc2+ 55. Kg1 Qg2# 0-1

[Event "Niort op-B"]
[Site "Niort"]
[Date "2002.09.29"]
[Round "6"]
[White "Clement, Bruno"]
[Black "Chabot, Jean Pierre"]
[Result "0-1"]
[WhiteElo "1710"]
[BlackElo "1610"]
[PlyCount "64"]
[EventDate "2002.09.28"]
[EventType "swiss"]
[EventRounds "6"]
[EventCountry "FRA"]
[SourceTitle "EXT 2004"]
[Source "ChessBase"]
[SourceDate "2003.11.25"]
[SourceVersion "1"]
[SourceVersionDate "2003.11.25"]
[SourceQuality "1"]

1. d4 c5 2. d5 b6 3. c4 Bb7 4. Nf3 d6 5. Nc3 Nd7 6. e4 Ne5 7. Nxe5 dxe5 8. Qa4+ Qd7 9. Nb5 Kd8 10. Qc2 a6 11. Nc3 e6 12. dxe6 Qxe6 13. Be3 Kc7 14. Rd1 Be7 15. Nd5+ Bxd5 16. cxd5 Qd7 17. d6+ Bxd6 18. b4 Qc6 19. Rxd6 Kxd6 20. bxc5+ bxc5 21. Bc4 Nf6 22. 0-0 Ke7 23. Bb3 Rac8 24. Qc4 Rhf8 25. f3 Qb5 26. Qc1 c4 27. Qa3+ Ke6 28. Ba4 Qb7 29. Rd1 Rfd8 30. Rxd8 Rxd8 31. Qc3 Qb1+ 32. Kf2 Qxa2+ 0-1